00603nab a2200181 uc450000100070000000500170000700800410002403500110006503500210007604000130009704100080011010000320011824500500015065000370020065000300023765000220026777301320028963715120240201161625.0001121 spa  a637151 a(OCoLC)819861471 ccomduadb aspa10aAyad, Christopher4auteaut10aOriente medio : un pluralismo caido del cielo aTelevision directa por satelite aTelevisión y política aPaíses árabes0 tEl Correo de la Unesco (París)gVol. 53, No. 01, Ene. (2000)/El Correo de la Unesco (Paris), p. 43-44w95870z0304310X092834